Southville International School and Colleges
Your cart is empty.
  • Cart
  • Lists
    Public lists Eva Luna New books Lux_list list_1
    Your lists Log in to create your own lists
  • Log in to your account
  • Your cookies
  • Search history
Southville International School and Colleges
  • Advanced search
  • Recent comments
  • Most popular
  • Libraries

Log in to your account

Log in with GOOGLE


If you do not have an external account, but do have a local account, you can still log in:

  1. Home
  2. MARC view: Differentiation in practice :
Normal view MARC view ISBD view

Differentiation in practice : (Record no. 12536)

[ view plain ]
MARC details
000 -LEADER
fixed length control field 01348cam a22003374a 4500
001 - CONTROL NUMBER
control field 13938672
003 - CONTROL NUMBER IDENTIFIER
control field OSt
005 - DATE AND TIME OF LATEST TRANSACTION
control field 20160602140346.0
008 - FIXED-LENGTH DATA ELEMENTS--GENERAL INFORMATION
fixed length control field 050422s2005 vaua b 001 0 eng
010 ## - LIBRARY OF CONGRESS CONTROL NUMBER
LC control number 2005011776
020 ## - INTERNATIONAL STANDARD BOOK NUMBER
International Standard Book Number 1416600507 (alk. paper)
040 ## - CATALOGING SOURCE
Original cataloging agency DLC
Transcribing agency DLC
Modifying agency DLC
042 ## - AUTHENTICATION CODE
Authentication code pcc
043 ## - GEOGRAPHIC AREA CODE
Geographic area code n-us---
050 00 - LIBRARY OF CONGRESS CALL NUMBER
Classification number LB 1628.5
Item number .T66 2005
082 00 - DEWEY DECIMAL CLASSIFICATION NUMBER
Classification number GLT 373.19
Item number T59 2005
100 1# - MAIN ENTRY--PERSONAL NAME
Personal name Tomlinson, Carol A.
9 (RLIN) 22437
245 10 - TITLE STATEMENT
Title Differentiation in practice :
Remainder of title a resource guide for differentiating curriculum, grades 9-12 /
Statement of responsibility, etc Carol Ann Tomlinson [and] Cindy A. Strickland.
260 ## - PUBLICATION, DISTRIBUTION, ETC. (IMPRINT)
Place of publication, distribution, etc Alexandria, VA :
Name of publisher, distributor, etc Association for Supervision and Curriculum Development,
Date of publication, distribution, etc 2005.
300 ## - PHYSICAL DESCRIPTION
Extent 369 p. :
Other physical details ill. ;
Dimensions 25 cm.
500 ## - GENERAL NOTE
General note Includes bibliographical references and index.
650 #0 - SUBJECT ADDED ENTRY--TOPICAL TERM
Topical term or geographic name as entry element Education, Secondary
General subdivision Curricula
Geographic subdivision United States.
9 (RLIN) 22479
650 #0 - SUBJECT ADDED ENTRY--TOPICAL TERM
Topical term or geographic name as entry element Curriculum planning
Geographic subdivision United States.
9 (RLIN) 22480
650 #0 - SUBJECT ADDED ENTRY--TOPICAL TERM
Topical term or geographic name as entry element Individualized instruction
Geographic subdivision United States.
9 (RLIN) 22481
700 1# - ADDED ENTRY--PERSONAL NAME
Personal name Strickland, Cindy A.,
Dates associated with a name 1959-
9 (RLIN) 22482
856 41 - ELECTRONIC LOCATION AND ACCESS
Materials specified Table of contents
Uniform Resource Identifier <a href="http://www.loc.gov/catdir/toc/ecip0511/2005011776.html">http://www.loc.gov/catdir/toc/ecip0511/2005011776.html</a>
906 ## - LOCAL DATA ELEMENT F, LDF (RLIN)
a 7
b cbc
c orignew
d 1
e ecip
f 20
g y-gencatlg
942 ## - ADDED ENTRY ELEMENTS (KOHA)
Source of classification or shelving scheme Library of Congress Classification
Koha item type Books
Holdings
Withdrawn status Lost status Source of classification or shelving scheme Damaged status Home library Current library Shelving location Date acquired Source of acquisition Total Checkouts Total Renewals Full call number Barcode Date last seen Date checked out Copy number Price effective from Koha item type
    Library of Congress Classification   Luxembourg Library Luxembourg Library Genevive Ledesma - Tan Section 10/01/2013 Donation 1 20 LB 1628.5 .T66 2005 13950 12/17/2018 07/25/2018 1 10/01/2013 Books

Differentiation in practice :

APA

Tomlinson C. A., Strickland C. A., . (2005). Differentiation in practice. Alexandria, VA: Association for Supervision and Curriculum Development.

Chicago

Tomlinson Carol A, Strickland Cindy A, . 2005. Differentiation in practice. Alexandria, VA: Association for Supervision and Curriculum Development.

Harvard

Tomlinson C. A., Strickland C. A., . (2005). Differentiation in practice. Alexandria, VA: Association for Supervision and Curriculum Development.

MLA

Tomlinson Carol A, Strickland Cindy A, . Differentiation in practice. Alexandria, VA: Association for Supervision and Curriculum Development. 2005.

  • Place hold
  • Print
  • Cite
  • Add to your cart (remove)
  • Save record
    BIBTEX Dublin Core MARCXML MARC (non-Unicode/MARC-8) MARC (Unicode/UTF-8) MARC (Unicode/UTF-8, Standard) MODS (XML) RIS
  • More searches
    Search for this title in:
    Other Libraries (WorldCat) Other Databases (Google Scholar) Online Stores (Bookfinder.com) Open Library (openlibrary.org)

Exporting to Dublin Core...

SOUTHVILLE LIBRARY

Southville International School and Colleges Library

1281 Tropical Ave. Cor. Luxembourg St., BF Homes International, Las Pinas City

Tel. No. 8256374 / 252358 Loc. 117/146

Powered by Koha